Polacy grający kiedykolwiek w Ligue 1 . - Statystyki

Ogólne statystyki
  • Ten quiz został rozwiązany 103 razy
  • Średni wynik to 13 z 57
Statystyki odpowiedzi
Klub Pozycja Odpowiedź % Poprawnych
Bordeaux, Stade de Reims i PSG Defensywy pomocnik Krychowiak
96%
Monaco Środkowy obrońca Glik
88%
Auxerre i Lille Środkowy napastnik Jeleń
82%
Metz , Lille i Bordeaux Ofensywny pomocnik Obraniak
72%
Rennes Lewy napastnik Grosicki
71%
PSG Bramkarz Bułka
63%
Lyon Lewy obrońca Rybus
63%
Monaco Bramkarz Majecki
61%
Troyes, Saint Etienne i Sochaux Środkowy obrońca Perquis
52%
Auxerre Środkowy obrońca Dudka
51%
Lyon i Lens Środkowy obrońca Bąk
48%
Nantes Środkowy napastnik Stępiński
42%
Saint Etienne, Bastia i Marsylia Defensywy pomocnik Świerczewski
42%
Auxerre Środkowy napastnik Szarmach
41%
Strasbourg Środkowy napastnik Frankowski
40%
Nantes i Le Havre Prawy obrońca Frankowski
40%
Bordeaux Środkowy obrońca Lewczuk
38%
Toulouse Środkowy pomocnik Furman
29%
Nantes i Montpellier Środkowy napastnik Kosecki
27%
Amiens Lewy napastnik Kurzawa
27%
Auxerre Środkowy obrońca Kłos
23%
Metz Środkowy napastnik Żewłakow
23%
Guingamp Środkowy obrońca Jóźwiak
21%
Bastia Bramkarz Młynarczyk
20%
Caen Defensywy pomocnik Lewandowski
19%
Montpellier Lewy napastnik Ziober
19%
Auxerre Środkowy obrońca Janas
18%
Troyes Środkowy napastnik Saganowski
13%
Le Havre Środkowy pomocnik Wieszczycki
11%
Auxerre Środkowy napastnik Włodarczyk
10%
Bastia Ofensywny pomocnik Piekarski
9%
Sochaux Środkowy obrońca Szewczyk
8%
Nancy Środkowy pomocnik Tarasiewicz
7%
Nice Środkowy napastnik Kubica
4%
Auxerre Środkowy napastnik Kuźba
4%
Auxerre Defensywy pomocnik Matysik
4%
Guingamp Pomocnik Czerwiec
3%
Bordeaux Napastnik Marx
3%
Auxerre Napastnik Zgutczyński
3%
Auxerre Defensywy pomocnik Kaczmarek
2%
Auxerre Napastnik Klose
2%
Saint Etienne Ofensywny pomocnik Kupcewicz
1%
Lens Środkowy napastnik Ogaza
1%
Rouen Ofensywny pomocnik Buła
0%
Lens Obrońca Maculewicz
0%
Rennes Napastnik Mazur
0%
Le Havre Pomocnik Miłoszewicz
0%
Valenciennes Napastnik Nagiel
0%
Tours Pomocnik Seweryn
0%
Strasbourg Środkowy napastnik Śpiewak
0%
Nimes Środkowy pomocnik Surlit
0%
Auxerre Środkowy napastnik Szczepaniak
0%
Lens Obrońca Tłokiński
0%
Lens Środkowy napastnik Tobolik
0%
Valenciennes Napastnik Tyc
0%
Auxerre Pomocnik Wieczorek
0%
Angers Obrońca Wiencierz
0%
Nie znaleziono quizów pasujących do podanych kryteriów
Rozkład punktacji
Procent ludzi z każdym wynikiem
Percentyl według liczby udzielonych odpowiedzi
Twoja historia wyników
Nie rozwiązałeś tego quizu